Statistics for The Most Evil People in History

Click here to take the quiz!

General Stats

  • This quiz has been taken 663 times
  • The average score is 13 of 25

Answer Stats

Evil actPerson% Correct
Chancellor of Germany from 1933 to 1945. Responsible for the deaths of more than 11 million people (5,000 Jehovah’s Witnesses, 15,000 homosexuals, 100,000 Freemasons, 100,000 of the mentally ill, 500,000 Gypsies, 750,000 Slavs, 3 million non-Jewish Poles, 3 million Russians and 6 million Jews)Adolf Hitler
97%
Dictator of the Soviet Union from 1922 to 1953. Once said “One death is a tragedy, a million deaths is simply a statistic.” Killed 20 to 60 million people throughout EuropeJoseph Stalin
96%
Dictator of communist China from 1943 to 1976. Created the greatest famine and genocide in history killing upwards of 70 million of his own people including children.Mao Zedong
84%
Prime Minister of Cambodia from 1976 to 1979. The only man in history to order an official genocide against his whole country, 25 to 33 percent of the population.Pol Pot
79%
Prince of Wallachia in the years 1448 to 1476. Ordered people to be poisoned, blinded, strangled, hanged, decapitated, stabbed, disemboweled, skinned, exposed to extreme elements and animals, hacked, dismembered, burned, boiled, scalped, roasted, nailed in the head, buried alive, and most famously impaled. Killed over 100,000 people in such fashionsVlad Dracula
72%
Emperor of Japan from 1926 to 1989. Committed the Rape of Nanking; 10 million Chinese forced into slavery, tortured, eaten, shot, beheaded, stabbed, burned, boiled, roasted, buried alive, and impaled. Over 20 million Chinese, and 10 million Asians in other countries were killed by the JapaneseEmperor Hirohito
65%
Khan of the Mongolian Empire from 1206 to 1227. With his army killed 20 to 60 million people (or 10% to 30% of the known world’s population)Genghis Khan
65%
Tsar of Russia from 1533 to 1584. Enjoyed seeing people’s blood and suffering from being tortured; ordered people to be beheaded, strangled, hanged, blinded, burned, stabbed, raped,, boiled, disemboweled, buried alive, impaled, fried and used for target practice. Would often want to watch executions, some of which lasted as long as 15 hoursIvan the Terrible
64%
Rome’s 5th emperor from AD 54 to AD 68. Brought the Roman Empire to ruin and burned entire cities. Had thousands murdered including his aunt, stepsister, ex-wife, mother, wife and adoptive brother. He was so bad that many of the Christians thought he was the AntichristNero
61%
Dictator of Uganda from 1971 to 1979. Killed and tortured 300,000 to 500,000 of his own people. Would show executions of people on television.Idi Amin
59%
Islamic terrorist leader that lead the terrorist organization called the Al-QaedaOsama Bin Laden
57%
Ruler of the Hunnic Empire from 434 to 453. Tortured and destroyed his enemies, his own people and entire population of cities. He was so destructive that people believed he was a punishment from HeavenAttila the Hun
55%
Dctator of Iraq from 1979 to 2003. 2 million people died as a result of his actionsSaddam Hussein
54%
Rome’s 3rd emperor from AD 37 to AD 41. Believed he was a god. Brutally murdered and tortured for fun. 160,000 animals were sacrificed in his honourCaligula
51%
King of Belgium from 1865 to 1909 and ruler of the Congo Free State. Had around 10 million Congolese killed (or 50% of the population) Hundreds of thousands of people had their hands, legs, feet, arms, heads, ears, and noses cut offLeopold II
43%
Leader of the French Revolution. Obsessed with guillotining people, almost 40,000 were either executed or died in prison during his 10-month reign of terrorMaximilien Robespierre
42%
Dictator of North Korea from 1948 to 1972. Started the Korean War, which killed 3 million, 200,000 political prisoners forced into concentration camps, 3.5 million Koreans died in famineKim Il Sung
41%
Head of the SS and architect of the Final Solution. Responsible for 6 to 7 million deaths of Poles, Russians, communists, and other groups whom the Nazis deemed unworthy to live including people with physical and mental disabilities. His house contained furniture and books made from the bones and skins of his Jewish victimsHeinrich Himmler
39%
Religious leader of Iran from 1979 to 1989. Paved the way for the Islamic Holy War, which has killed more than 2 millionAyatollah Ruhollah Khomeini
34%
A physician in the concentration camp Auschwitz and the doctor known as the “Angel of Death.Josef Mengele
33%
Architect of the Holocaust. Organized the registration, cremation and transport of Europe’s JewsAdolf Eichmann
25%
Grand Inquisitor of Spain from 1483 to 1498. Had tortured and killed over 30,000 heretics, Jews and Muslims that would not embraced ChristianityTomas de Torquemada
18%
A countess who lived in the Carpathian Mountains she believed that blood on her skin made her fresher and younger; responsible for the torture and killing of 650 girlsElizabeth Bathory
14%
Chief of the Reich Main Security Office; responsible for the mass murder of Soviet officials and Russian Jews during Germany’s invasion of the Soviet UnionReinhard Heydrich
11%
Grand Vizier of the Sultan in the Ottoman empire from 1917 to 1918. In 1915, declared an order to wipe out the Armenian race. People were killed by bayonets, clubs, axes, hammers, spades, scythes, and sawsTalat Pasha
10%

Score Distribution

Percentile by Number Answered

Percent of People with Each Score

Your Score History

You have not taken this quiz